00815 2200265 4500001002100000005001500021035002500036008004100061020002200102040001700124082001700141084001900158090002300177090002200200100002500222245006600247260004400313300006900357504003100426651003300457850001200490007000300502999002200505990002200527INLIS00000000003509020191106125704 a0010-041800000000269180404s2017 yoia g | ind d a978-602-61990-6-5 aYOPDYOGbind04223a330.9598 a330.9598 TRI p aDEP 330.9598 TRI p aCB-D.11 2017-17980 aTri Worosetyaningsih10aPotensi Indonesia menjadi negara maju /cTri Worosetyaningsih aYogyakarta :bSpektrum Nusantara,c2017 axi, 125 halaman :bilustrasi, grafik, tabel, peta, foto ;c25 cm aBibliografi: halaman [121] 4aIndonesia--xKeadaan ekonomi aYOPDYOGta aCB-D.11/2017-1798 aCB-D.11/2017-1798